[Event "WYg18"]
[Site "Heraklio GRE"]
[Date "2002.11.15"]
[Round "1"]
[White "Kalvyte,V"]
[Black "Meshcheriakova,E"]
[Result "1/2-1/2"]
[WhiteElo "1998"]
[BlackElo "2288"]
[EventDate "2002.11.15"]

1. e4 c5 2. Nf3 a6 3. c3 d5 4. exd5 Qxd5 5. d4 e6 6. Be2 Nf6 7. c4 Qd6 8.
O-O Nc6 9. dxc5 Qxd1 10. Rxd1 Bxc5 11. Bg5 h6 12. Bxf6 gxf6 13. Nbd2 f5 14.
Nb3 Ba7 15. Nbd4 Nxd4 16. Nxd4 e5 17. Nc2 Be6 18. Nb4 Bd4 19. Nd5 O-O-O 20.
Bf3 Bxb2 21. Rab1 Ba3 22. Rb3 Bc5 23. Rdb1 e4 24. Be2 Rd7 25. Nb6+ Bxb6 26.
Rxb6 Rhd8 27. c5 Rd2 28. Kf1 Bxa2 29. Rc1 Bd5 30. Rxh6 Kc7 31. Rf6 a5 32.
Ra1 Ra2 33. Rxa2 Bxa2 34. Bb5 Bb3 35. c6 b6 36. Rxf5 a4 37. Re5 a3 38. Re7+
Kd6 39. Ra7 a2 40. Ke2 Kc5 41. c7 Rc8 42. Bd7 a1=Q 43. Rxa1 Rxc7 44. Bf5
Kd4 45. Ra8 Rc2+ 46. Ke1 Rc1+ 47. Kd2 Rc2+ 48. Ke1 1/2-1/2

[Event "WYg18"]
[Site "Heraklio GRE"]
[Date "2002.11.16"]
[Round "2"]
[White "Srebrnic,A"]
[Black "Pogonina,N"]
[Result "0-1"]
[WhiteElo "2241"]
[BlackElo "2397"]
[EventDate "2002.11.15"]

1. Nf3 c5 2. c4 Nc6 3. d4 cxd4 4. Nxd4 g6 5. e4 Bg7 6. Be3 Nf6 7. Nc3 O-O
8. Be2 d6 9. O-O Bd7 10. f3 Qa5 11. Qd2 Rfc8 12. a3 Nxd4 13. Bxd4 Be6 14.
b4 Qd8 15. Nd5 Bxd5 16. exd5 Nd7 17. Bxg7 Kxg7 18. Rfe1 Qb6+ 19. Kf1 Rc7
20. Rec1 a5 21. Rab1 Qa7 22. Rc3 Rac8 23. f4 axb4 24. axb4 Nf6 25. Qd3 b5
26. Rbc1 bxc4 27. Rxc4 Rxc4 28. Rxc4 Qa1+ 29. Kf2 Rb8 30. Qd4 Qb1 31. g4
Kg8 32. g5 Nd7 33. Bd3 Qh1 34. Qa7 Qxd5 35. Qxd7 Qxd3 36. Rc8+ Rxc8 37.
Qxc8+ Kg7 38. Qb8 Qd4+ 39. Ke1 e5 40. fxe5 dxe5 41. b5 e4 42. Qe8 Qg1+ 43.
Ke2 Qxh2+ 44. Ke3 Qg1+ 45. Kf4 Qf2+ 46. Ke5 e3 47. Kd6 Qf4+ 48. Kc6 Qxg5
49. b6 Qf6+ 50. Kc5 Qf5+ 51. Kc6 Qc2+ 52. Kd5 Qb3+ 53. Kc5 Qc2+ 54. Kd6 e2
55. Qe5+ f6 56. Qe7+ Kh6 57. Qe3+ g5 58. Ke6 Kg6 59. Ke7 e1=Q 60. Qxe1 Qc5+
61. Ke8 Qxb6 62. Qe4+ f5 63. Qc4 Qb2 64. Ke7 Qe5+ 65. Kf8 Qh8+ 66. Ke7 Qf6+
0-1

[Event "WYg18"]
[Site "Heraklio GRE"]
[Date "2002.11.16"]
[Round "2"]
[White "Zhao Xue"]
[Black "Berzina,I"]
[Result "1/2-1/2"]
[WhiteElo "2367"]
[BlackElo "2243"]
[EventDate "2002.11.15"]

1. d4 d5 2. c4 e6 3. Nf3 c6 4. Qc2 dxc4 5. e4 b5 6. b3 cxb3 7. axb3 Bb7 8.
Bd2 a5 9. Bd3 Na6 10. O-O Nb4 11. Bxb4 Bxb4 12. Nc3 Ne7 13. Ne2 Ng6 14. g3
O-O 15. h4 Rc8 16. h5 Ne7 17. Nf4 c5 18. Bxb5 cxd4 19. Qe2 Qb6 20. h6 g6
21. Ne5 Rc5 22. Nd7 Qxb5 23. Nxc5 Qxc5 24. Nd3 Qb5 25. Rad1 Bc3 26. Qg4 e5
27. f3 Kh8 28. Nf2 Qc6 29. Nd3 f5 30. Qh4 Qf6 31. Qxf6+ Rxf6 32. Nxe5 Ba6
33. Rf2 d3 34. Nxd3 Rd6 35. Rc2 fxe4 36. fxe4 Bb4 37. Nf2 Rxd1+ 38. Nxd1
Bd3 39. Rc7 Bxe4 40. Ne3 Kg8 41. Nc4 Kf7 42. Kh2 Bd5 43. Ra7 Bxc4 44. bxc4
Ke6 45. Kg2 Ke5 46. c5 Bxc5 47. Rxa5 Kd6 48. Ra8 Be3 49. Rh8 Bxh6 50. Rxh7
Bg5 1/2-1/2

[Event "WYg18"]
[Site "Heraklio GRE"]
[Date "2002.11.16"]
[Round "2"]
[White "Mietzner,T"]
[Black "Khasanova,E"]
[Result "1/2-1/2"]
[WhiteElo "2189"]
[BlackElo "2033"]
[EventDate "2002.11.15"]

1. e4 c5 2. Nf3 d6 3. d4 cxd4 4. Nxd4 Nf6 5. Nc3 a6 6. Be3 e5 7. Nb3 Be6 8.
f3 Nbd7 9. Qd2 Qc7 10. g4 h6 11. O-O-O b5 12. h4 Nb6 13. Bxb6 Qxb6 14. Nd5
Bxd5 15. exd5 O-O-O 16. Qa5 Kb7 17. Kb1 Rc8 18. Bd3 Qxa5 19. Nxa5+ Kb6 20.
Nb3 Be7 21. Bf5 Rc4 22. h5 Rf4 23. Rd3 Nxh5 24. Rxh5 g6 25. Bxg6 fxg6 26.
Rh1 Bg5 27. Nd2 Rhf8 28. a3 R4f7 29. Rh3 Bxd2 30. Rxd2 Rxf3 31. Rxh6 Rg8
32. Rh7 g5 33. Rh6 Kc7 34. Rh7+ Kb6 35. Rh6 Kc7 36. Rh7+ 1/2-1/2

[Event "WYg18"]
[Site "Heraklio GRE"]
[Date "2002.11.16"]
[Round "2"]
[White "Khukhashvili,S"]
[Black "Reyes Jara,Pau"]
[Result "1-0"]
[WhiteElo "2324"]
[BlackElo "2181"]
[EventDate "2002.11.15"]

1. e4 e5 2. Nf3 Nc6 3. d4 exd4 4. Nxd4 Bc5 5. Be3 Qf6 6. c3 Nge7 7. Bc4 Bb6
8. O-O O-O 9. a4 d6 10. Qd2 Qg6 11. f3 Ne5 12. Bb3 Kh8 13. Na3 Be6 14. Bc2
Nc4 15. Nxc4 Bxc4 16. Rf2 Rae8 17. f4 f6 18. b3 Bg8 19. f5 Qg4 20. Rf4 Qh5
21. Bd1 Qf7 22. Ne6 Bxe3+ 23. Qxe3 g6 24. Nxf8 Nd5 25. Nxg6+ hxg6 26. Qh3+
Kg7 27. exd5 Qxd5 28. Qg3 Qc5+ 29. Rd4 Qxf5 30. h3 1-0

[Event "WYg18"]
[Site "Heraklio GRE"]
[Date "2002.11.16"]
[Round "2"]
[White "Tsereteli,T"]
[Black "Papp,Ju"]
[Result "1/2-1/2"]
[WhiteElo "2316"]
[BlackElo "2138"]
[EventDate "2002.11.15"]

1. e4 c5 2. Nf3 e6 3. d3 Nc6 4. g3 g6 5. Bg2 Bg7 6. O-O Nge7 7. c3 O-O 8.
d4 cxd4 9. cxd4 d5 10. exd5 exd5 11. Nc3 Bg4 12. Be3 Nf5 13. h3 Bxf3 14.
Qxf3 Ncxd4 15. Bxd4 Nxd4 16. Qxd5 Qxd5 17. Bxd5 Rad8 18. Rad1 Rd7 19. Kg2
1/2-1/2

[Event "WYg18"]
[Site "Heraklio GRE"]
[Date "2002.11.16"]
[Round "2"]
[White "Stiri,A"]
[Black "Vozovic,O"]
[Result "0-1"]
[WhiteElo "2170"]
[BlackElo "2302"]
[EventDate "2002.11.15"]

1. e4 d6 2. d4 Nf6 3. Nc3 g6 4. Be3 c6 5. h3 Nbd7 6. f4 b5 7. Bd3 Bb7 8.
Qf3 Qa5 9. Nge2 b4 10. Nb1 b3+ 11. Nd2 bxc2 12. O-O Bg7 13. Nc3 O-O 14. Nb3
Qb4 15. Bd2 Qb6 16. Na4 Qc7 17. Rac1 Nb6 18. Nc3 Nfd7 19. Rxc2 c5 20. Nb5
Qd8 21. Na5 Qb8 22. dxc5 Nxc5 23. b4 Nxd3 24. Qxd3 Ba6 25. Nc6 Qb7 26. Na5
Bxb5 27. Qxb5 Qxe4 28. Qc6 Qd4+ 29. Rf2 Rac8 30. Be3 Qd1+ 0-1

[Event "WYg18"]
[Site "Heraklio GRE"]
[Date "2002.11.16"]
[Round "2"]
[White "Igla,B"]
[Black "Vasilevich,I"]
[Result "0-1"]
[WhiteElo "2160"]
[BlackElo "2251"]
[EventDate "2002.11.15"]

1. d4 d5 2. c4 e6 3. Nc3 Nf6 4. cxd5 exd5 5. Bg5 Be7 6. Qc2 O-O 7. e3 Nbd7
8. Bd3 Re8 9. Nge2 Nf8 10. O-O c6 11. f3 Be6 12. Rad1 Rc8 13. Bh4 Ng6 14.
Bf2 Bd6 15. f4 Bg4 16. f5 Nf8 17. h3 Bxe2 18. Qxe2 Bb8 19. Qf3 Qd6 20. g3
h5 21. Ne2 N8h7 22. Nf4 Ng5 23. Qg2 Qd7 24. g4 hxg4 25. hxg4 Qe7 26. Rde1
Nfe4 27. Bh4 Nf3+ 28. Qxf3 Qxh4 29. Re2 Ng5 30. Qh1 Qg3+ 31. Qg2 Rxe3 0-1

[Event "WYg18"]
[Site "Heraklio GRE"]
[Date "2002.11.16"]
[Round "2"]
[White "Shukurova,M"]
[Black "Winnicki,A"]
[Result "1/2-1/2"]
[WhiteElo "2243"]
[BlackElo "2010"]
[EventDate "2002.11.15"]

1. e4 e6 2. d3 c5 3. Nf3 Nc6 4. g3 d5 5. Nbd2 g6 6. Bg2 Bg7 7. O-O Nge7 8.
Re1 b6 9. c3 h6 10. h4 a5 11. a4 Ra7 12. Nf1 d4 13. e5 dxc3 14. bxc3 Rd7
15. d4 cxd4 16. cxd4 Nxd4 17. Nxd4 Rxd4 18. Qc2 Rd7 19. Ba3 Bb7 1/2-1/2

[Event "WYg18"]
[Site "Heraklio GRE"]
[Date "2002.11.16"]
[Round "2"]
[White "Hodova,L"]
[Black "Helm,L"]
[Result "1/2-1/2"]
[WhiteElo "2061"]
[BlackElo "2235"]
[EventDate "2002.11.15"]

1. e4 c5 2. Nf3 Nc6 3. d4 cxd4 4. Nxd4 Qc7 5. Nc3 e6 6. g3 a6 7. Bg2 Nf6 8.
O-O Nxd4 9. Qxd4 Bc5 10. Bf4 d6 11. Qd2 h6 12. Rad1 e5 13. Be3 Be6 14. Bxc5
dxc5 15. Nd5 Bxd5 16. exd5 Qd6 17. c4 O-O 18. Rfe1 Rfe8 19. a3 b5 20. b3
Rab8 21. Qc2 Re7 22. Rc1 Reb7 23. b4 bxc4 24. bxc5 Qxc5 25. Qxc4 Qxa3 26.
Ra1 Qb4 27. Qxb4 Rxb4 28. Rxa6 Rb1 29. Ra1 Rxa1 1/2-1/2

[Event "WYg18"]
[Site "Heraklio GRE"]
[Date "2002.11.17"]
[Round "3"]
[White "Pogonina,N"]
[Black "Khukhashvili,S"]
[Result "1-0"]
[WhiteElo "2397"]
[BlackElo "2324"]
[EventDate "2002.11.15"]

1. e4 c5 2. Nf3 d6 3. d4 cxd4 4. Nxd4 Nf6 5. Nc3 Nc6 6. Be2 e5 7. Nb3 Be7
8. O-O O-O 9. Kh1 Be6 10. f4 exf4 11. Bxf4 a5 12. Nd4 Ne5 13. Nf5 Bxf5 14.
exf5 Rc8 15. Qd4 Nc6 16. Qf2 d5 17. Rad1 d4 18. Nb5 Bc5 19. Qg3 Kh8 20. Bf3
Qb6 21. a4 Ne7 22. Qh3 Ned5 23. Bxd5 Nxd5 24. f6 Nxf6 25. Be5 Qe6 26. Rf5
Nd7 27. Bxd4 Bxd4 28. Nxd4 Qg6 29. Rxa5 Nc5 30. Qf3 h6 31. b4 Ne4 32. Re5
Nc3 33. Rde1 Nxa4 34. Qxb7 Rb8 35. Qe7 Qb6 36. Qd7 Qxb4 37. Nc6 Rb7 38. Qd5
Qb1 39. Qe4 Nc3 40. Qd3 f6 41. R5e3 Na4 42. h3 Qb5 43. Re8 Qc5 44. Qg6 Rb6
45. Rxf8+ 1-0

[Event "WYg18"]
[Site "Heraklio GRE"]
[Date "2002.11.17"]
[Round "3"]
[White "Kopinits,A"]
[Black "Tsereteli,T"]
[Result "0-1"]
[WhiteElo "2125"]
[BlackElo "2316"]
[EventDate "2002.11.15"]

1. e4 c5 2. Nf3 Nc6 3. d4 cxd4 4. Nxd4 Nf6 5. Nc3 e5 6. Ndb5 d6 7. Bg5 a6
8. Na3 b5 9. Nd5 Be7 10. Bxf6 Bxf6 11. c3 Rb8 12. Nc2 Bg5 13. a4 bxa4 14.
Ncb4 Bd7 15. Rxa4 a5 16. Nxc6 Bxc6 17. Ra2 O-O 18. Bc4 Kh8 19. O-O f5 20.
exf5 Rxf5 21. Qc2 g6 22. Rfa1 Bxd5 23. Bxd5 Qb6 24. Kf1 Rbf8 25. f3 Bd8 26.
Qe2 Qc5 27. Qc4 Qe3 28. Qe2 Qh6 29. g3 Bb6 30. b4 axb4 31. cxb4 Bd4 32. Rb1
Qh3+ 33. Ke1 e4 34. Ra8 Rxa8 35. Bxa8 Rxf3 36. Qc4 Re3+ 37. Kf2 Qxh2+ 0-1

[Event "WYg18"]
[Site "Heraklio GRE"]
[Date "2002.11.17"]
[Round "3"]
[White "Papp,Ju"]
[Black "Meshcheriakova,E"]
[Result "0-1"]
[WhiteElo "2138"]
[BlackElo "2288"]
[EventDate "2002.11.15"]

1. e4 c5 2. Nf3 a6 3. c4 e6 4. Nc3 b6 5. d4 cxd4 6. Nxd4 Bb7 7. Be3 Bb4 8.
f3 Bxc3+ 9. bxc3 d6 10. Rb1 Nd7 11. Be2 Qc7 12. O-O Ngf6 13. Qe1 O-O 14.
Qg3 Kh8 15. Rfd1 Rab8 16. Nc2 Ne8 17. Kh1 Nc5 18. Bf4 e5 19. Bd2 f5 20.
exf5 Rxf5 21. Ne3 Rf7 22. Nd5 Bxd5 23. cxd5 Nf6 24. Be3 Nh5 25. Qe1 Nf4 26.
c4 Rbf8 27. Bf1 Rb8 28. Rd2 Rff8 29. Rdb2 Nfd3 30. Bxd3 Nxd3 31. Qe2 Nxb2
32. Rxb2 Rfc8 33. Rc2 Qd7 34. Qd2 b5 35. c5 dxc5 36. Bxc5 b4 37. d6 b3 38.
axb3 Rxb3 39. h3 h6 40. Rc1 Rb5 41. Ba3 Rxc1+ 42. Qxc1 Kg8 43. Qc7 Rb7 44.
Qc4+ Qf7 45. Qe4 Rb5 46. Kg1 Qd5 47. Qf5 Rb7 48. Qc8+ Kf7 49. Qf5+ Kg8 50.
Qc8+ Kh7 51. Qf5+ g6 52. Qc2 a5 53. Kh2 Qd4 54. g3 Qd5 55. h4 Qxf3 56. Bc1
Rf7 0-1

[Event "WYg18"]
[Site "Heraklio GRE"]
[Date "2002.11.17"]
[Round "3"]
[White "Berzina,I"]
[Black "Hodova,L"]
[Result "1-0"]
[WhiteElo "2243"]
[BlackElo "2061"]
[EventDate "2002.11.15"]

1. e4 c5 2. Nf3 d6 3. Bb5+ Nd7 4. c3 Ngf6 5. Qe2 a6 6. Ba4 b5 7. Bc2 e5 8.
O-O Be7 9. a4 Bb7 10. d4 O-O 11. Rd1 Qc7 12. d5 b4 13. a5 Rab8 14. Nbd2 Bc8
15. Nc4 Re8 16. h3 Bf8 17. Bd2 g6 18. Qe1 bxc3 19. bxc3 Bg7 20. Rdb1 Rb5
21. Ba4 Rxb1 22. Rxb1 Bb7 23. Rxb7 Qxb7 24. Nxd6 Qc7 25. Nxe8 Nxe8 26. Qb1
Nd6 27. Bxd7 Qxd7 28. Qb8+ Ne8 29. Nxe5 Qe7 30. Nc4 1-0

[Event "WYg18"]
[Site "Heraklio GRE"]
[Date "2002.11.17"]
[Round "3"]
[White "Winnicki,A"]
[Black "Mietzner,T"]
[Result "0-1"]
[WhiteElo "2010"]
[BlackElo "2189"]
[EventDate "2002.11.15"]

1. c4 c5 2. b3 Nc6 3. e3 e5 4. d3 Nf6 5. Nd2 d5 6. cxd5 Nxd5 7. a3 g6 8.
Bb2 b6 9. Qc2 Bb7 10. Ngf3 Bg7 11. Be2 O-O 12. O-O Re8 13. Rac1 Qd7 14. Qb1
Rad8 15. Qa1 Qe7 16. Rc2 Na5 17. Nc4 Nxc4 18. dxc4 Nc7 19. Rd1 Rxd1+ 20.
Qxd1 Rd8 21. Rd2 Rxd2 22. Nxd2 Qg5 23. Bf1 Ne6 24. g3 Qf5 25. Qb1 Qxb1 26.
Nxb1 Ng5 27. Nd2 e4 28. Bxg7 Kxg7 29. h4 Nf3+ 30. Nxf3 exf3 31. Bd3 Kf6 32.
g4 Ke5 33. Kh2 Be4 34. Bf1 Bc2 35. b4 Ke4 36. bxc5 bxc5 37. Kg3 Bd3 38.
Bxd3+ Kxd3 39. Kxf3 Kxc4 40. Ke2 Kc3 41. f4 c4 0-1

[Event "WYg18"]
[Site "Heraklio GRE"]
[Date "2002.11.17"]
[Round "3"]
[White "Rohonyan,K"]
[Black "Dimovski,A"]
[Result "1-0"]
[WhiteElo "2320"]
[BlackElo "2100"]
[EventDate "2002.11.15"]

1. e4 e5 2. Nf3 Nc6 3. Bc4 Bc5 4. b4 d5 5. exd5 Nxb4 6. c3 Nxd5 7. Nxe5
Ngf6 8. O-O O-O 9. d4 Bd6 10. Bg5 c6 11. Qf3 Qc7 12. Re1 b5 13. Bb3 Bb7 14.
Nd2 c5 15. Qg3 Ne8 16. dxc5 Bxc5 17. Ne4 Bb6 18. Bxd5 Bxd5 19. Nf6+ Nxf6
20. Bxf6 Bxf2+ 21. Qxf2 gxf6 22. Qxf6 Qb6+ 23. Qxb6 axb6 24. Nd7 Rfd8 25.
Nxb6 Rxa2 26. Nxd5 Rxa1 27. Nf6+ Kg7 28. Nh5+ Kh6 29. Rxa1 Kxh5 30. Ra5 Rd2
31. Rxb5+ Kg6 32. c4 Rc2 33. Rc5 h5 34. h4 Kf6 35. Kh2 Ke6 36. Kg3 Kd6 37.
Rd5+ Ke6 38. Rc5 Kd6 39. Rxh5 Rxc4 40. Rf5 Ke6 41. Rf4 Rc5 42. Kg4 f5+ 43.
Kg3 Kf6 44. Rb4 Rc6 45. Kf4 Kg6 46. g3 Ra6 47. Rd4 Rb6 48. Ke5 Rb3 49. Rd6+
Kg7 50. Kf4 Ra3 51. h5 Rb3 52. Rg6+ Kh7 53. Kxf5 Rb5+ 54. Kg4 Rb4+ 55. Kg5
Rb5+ 56. Kh4 Ra5 57. g4 Rb5 58. Ra6 Rc5 59. Ra7+ 1-0

[Event "WYg18"]
[Site "Heraklio GRE"]
[Date "2002.11.17"]
[Round "3"]
[White "Helm,L"]
[Black "Shtereva,S"]
[Result "0-1"]
[WhiteElo "2235"]
[BlackElo "2077"]
[EventDate "2002.11.15"]

1. e4 c5 2. Nf3 e6 3. d4 cxd4 4. Nxd4 a6 5. Bd3 Nc6 6. Be3 Nf6 7. Nc3 Ne5
8. h3 d5 9. f4 Nxd3+ 10. cxd3 dxe4 11. dxe4 b5 12. a3 Bb7 13. Qf3 b4 14.
axb4 Bxb4 15. O-O Bxc3 16. bxc3 Nxe4 17. f5 e5 18. f6 Qxf6 19. Qh5 Ng3 20.
Rxf6 Nxh5 21. Rf5 exd4 22. Bxd4 Nf6 23. Rb1 Bc8 24. Rg5 Kf8 25. Bc5+ Kg8
26. Bd4 h6 27. Ra5 Kh7 28. Rf1 Be6 29. Bxf6 gxf6 30. Rxf6 Kg7 31. Rf4 Rhc8
32. Rfa4 Bc4 33. Kf2 Bb5 34. Ra3 Rab8 35. Ke3 Re8+ 36. Kf4 Rbc8 37. g4 Rc4+
38. Kg3 Rec8 39. h4 Rxc3+ 40. Rxc3 Rxc3+ 41. Kf4 Rc4+ 42. Kf3 Ra4 0-1

[Event "WYg18"]
[Site "Heraklio GRE"]
[Date "2002.11.17"]
[Round "3"]
[White "Charbonneau,A"]
[Black "Ciobanu,C"]
[Result "0-1"]
[WhiteElo "2063"]
[BlackElo "2214"]
[EventDate "2002.11.15"]

1. d4 Nf6 2. c4 c5 3. d5 b5 4. Nf3 d6 5. a4 bxc4 6. Nc3 g6 7. e4 Bg7 8.
Bxc4 O-O 9. O-O Na6 10. Re1 Nd7 11. Bf4 Rb8 12. Qe2 Nb4 13. a5 Bb7 14. Red1
Ba8 15. Qd2 Re8 16. Rdc1 Bb7 17. Bh6 Bh8 18. h4 Ba6 19. Bxa6 Nxa6 20. h5
Rb4 21. hxg6 hxg6 22. Nh4 Ne5 23. Bf4 Rd4 24. Qe2 Nd3 25. Qg4 Nxf4 26. Qxf4
Nb4 27. Rd1 Nd3 28. Qh6 Bg7 29. Qg5 Nxb2 30. Rxd4 cxd4 31. Ne2 d3 32. Ng3
Bf6 33. Qh6 Bxh4 34. Qxh4 e5 35. Qh6 Qe7 36. Qd2 Rb8 37. Rb1 Qb7 38. Nf1
Qb3 39. Ne3 Rb4 40. Nd1 Qc2 41. Qc1 Nxd1 0-1

[Event "WYg18"]
[Site "Heraklio GRE"]
[Date "2002.11.17"]
[Round "4"]
[White "Paehtz,E"]
[Black "Pogonina,N"]
[Result "1-0"]
[WhiteElo "2349"]
[BlackElo "2397"]
[EventDate "2002.11.15"]

1. e4 c5 2. Nf3 d6 3. d4 cxd4 4. Nxd4 Nf6 5. f3 g6 6. c4 Bg7 7. Nc3 O-O 8.
Be3 Nc6 9. Nc2 Be6 10. Qd2 Qa5 11. Nd5 Qxd2+ 12. Kxd2 Rfc8 13. Rb1 Nd7 14.
Nf4 Nf8 15. Be2 Bd7 16. b3 Ne6 17. Nd5 Kf8 18. Rhd1 Ncd4 19. Nxd4 Nxd4 20.
Bg5 Nc6 21. Bf4 f5 22. exf5 Bxf5 23. Bd3 Be6 24. Be4 Bf5 25. Re1 Kf7 26.
Rbc1 Be5 27. Bxe5 Nxe5 28. Nc3 Bxe4 29. Rxe4 Rab8 30. Rce1 Re8 31. f4 Nc6
32. Nd5 e5 33. Rf1 Kg7 34. fxe5 dxe5 35. Rf6 Rf8 36. Rd6 Rbd8 37. Rxd8 Rxd8
38. Kc3 Rf8 39. b4 Re8 40. c5 Nd4 41. Kc4 g5 42. b5 Kg6 43. g4 Nf3 44. Kb4
Nd4 45. Ne3 Kf6 46. Nc4 Nc2+ 47. Kc3 Nd4 48. Nd6 Re7 49. Kc4 Ke6 50. Re3 b6
51. Ne4 Rg7 52. c6 h6 53. a4 Rg8 54. Rh3 Rg6 55. a5 bxa5 56. Ra3 Rg7 57.
Rxa5 Rc7 58. Ra6 Ke7 59. Nc3 Kd8 60. Nd5 Rc8 61. c7+ Kd7 62. Rxa7 Kd6 63.
Ra6+ Nc6 1-0

[Event "WYg18"]
[Site "Heraklio GRE"]
[Date "2002.11.17"]
[Round "4"]
[White "Vozovic,O"]
[Black "Berzina,I"]
[Result "1-0"]
[WhiteElo "2302"]
[BlackElo "2243"]
[EventDate "2002.11.15"]

1. e4 c6 2. d4 g6 3. Nc3 d5 4. h3 Bg7 5. Nf3 dxe4 6. Nxe4 Bf5 7. Ng3 Be6 8.
c3 Nf6 9. Bd3 O-O 10. O-O Bd5 11. Re1 Re8 12. Bf4 Nbd7 13. c4 Bxf3 14. Qxf3
Qb6 15. Be3 Qxb2 16. Rab1 Qxa2 17. Rxb7 e5 18. d5 cxd5 19. cxd5 Qa3 20. Bb5
Reb8 21. Rxd7 Rxb5 22. Rc7 Qf8 23. d6 Nd5 24. Rc5 Rxc5 25. Bxc5 Nb6 26. d7
Qd8 27. Rd1 Bf6 28. Ne4 Bh4 29. g3 f5 30. Nd6 Bf6 31. Bxb6 axb6 32. Qd5+
Kg7 33. Qf7+ Kh6 34. Qe8 Kh5 35. Qf7 Kh6 36. Nxf5+ gxf5 37. Rd6 Kg5 1-0

[Event "WYg18"]
[Site "Heraklio GRE"]
[Date "2002.11.17"]
[Round "4"]
[White "Mietzner,T"]
[Black "Zhao Xue"]
[Result "0-1"]
[WhiteElo "2189"]
[BlackElo "2367"]
[EventDate "2002.11.15"]

1. e4 c5 2. Nf3 d6 3. d4 cxd4 4. Nxd4 Nf6 5. Nc3 a6 6. Be3 e5 7. Nb3 Be6 8.
f3 Nbd7 9. Qd2 b5 10. a4 b4 11. Nd5 Nxd5 12. exd5 Bf5 13. Bd3 Bxd3 14. Qxd3
Be7 15. O-O O-O 16. a5 Qc7 17. Rfe1 Qb7 18. Ra4 Rfc8 19. Kh1 Bd8 20. Rd1
Rab8 21. Bd2 Qb5 22. Qxb5 Rxb5 23. Rxb4 Rxd5 24. c4 Rd3 25. Kg1 Nc5 26.
Nxc5 dxc5 27. Ra4 Bg5 0-1

[Event "WYg18"]
[Site "Heraklio GRE"]
[Date "2002.11.17"]
[Round "4"]
[White "Machalova,M"]
[Black "Rohonyan,K"]
[Result "1/2-1/2"]
[WhiteElo "2124"]
[BlackElo "2320"]
[EventDate "2002.11.15"]

1. c4 c5 2. Nc3 Nc6 3. g3 g6 4. Bg2 Bg7 5. a3 d6 6. Rb1 Nf6 7. b4 O-O 8.
Nf3 e5 9. e4 h6 10. d3 b6 11. O-O Be6 12. h3 Qd7 13. Kh2 Nh7 14. Nd5 Nd4
15. Nxd4 cxd4 16. Bd2 Bxd5 17. cxd5 f5 18. exf5 gxf5 19. f4 Nf6 20. fxe5
dxe5 21. d6 Rac8 22. Rc1 e4 23. Rxc8 Rxc8 24. dxe4 fxe4 25. Bxh6 Qxd6 26.
Bxg7 Kxg7 27. Bxe4 Nxe4 28. Qg4+ Qg6 29. Qxc8 Qxg3+ 30. Kh1 Nf2+ 31. Rxf2
Qxf2 32. Qb7+ Kf6 33. Qg2 Qe1+ 34. Kh2 Qe3 35. Qg3 Qe2+ 36. Kg1 Qd1+ 37.
Kg2 Ke7 38. Qe5+ Kd7 39. Qd5+ Kc7 40. Qe5+ Kb7 41. Qd5+ Ka6 42. Qc4+ Kb7
1/2-1/2

[Event "WYg18"]
[Site "Heraklio GRE"]
[Date "2002.11.17"]
[Round "4"]
[White "Shukurova,M"]
[Black "Drljevic,L"]
[Result "0-1"]
[WhiteElo "2243"]
[BlackElo "2139"]
[EventDate "2002.11.15"]

1. e4 d6 2. d4 Nf6 3. Nc3 g6 4. f4 Bg7 5. Nf3 O-O 6. Bd3 Na6 7. O-O c5 8.
d5 Bg4 9. h3 Bxf3 10. Rxf3 Rb8 11. Qe2 Nc7 12. a4 a6 13. a5 b5 14. axb6
Rxb6 15. Ra2 Nb5 16. Nxb5 axb5 17. Bxb5 Nxe4 18. Bc6 f5 19. Rfa3 Bd4+ 20.
Kh2 Bf2 21. Ra7 Bg3+ 22. Kh1 Rb8 23. R2a6 Bf2 24. Kh2 Bg3+ 25. Kh1 Bf2 26.
Qd1 Rb4 27. c3 Ng3+ 28. Kh2 Re4 29. Bd2 c4 30. Rd7 Qb8 31. Bb7 Re2 32. Ra8
Qxa8 33. Bxa8 Rxd2 34. Qa1 Re2 35. Bc6 Re1 36. Qxe1 Bxe1 37. Rxe7 Ne4 38.
Bb5 Rc8 39. Ba6 Bg3+ 40. Kg1 Ra8 0-1

[Event "WYg18"]
[Site "Heraklio GRE"]
[Date "2002.11.17"]
[Round "4"]
[White "Shtereva,S"]
[Black "Srebrnic,A"]
[Result "1/2-1/2"]
[WhiteElo "2077"]
[BlackElo "2241"]
[EventDate "2002.11.15"]

1. c4 g6 2. Nc3 Bg7 3. g3 d6 4. Bg2 e5 5. e4 f5 6. d3 Nf6 7. Nge2 Nc6 8.
O-O O-O 9. Rb1 Nh5 10. exf5 Bxf5 11. Nd5 Qd7 12. Ne3 Bh3 13. b3 Bxg2 14.
Kxg2 Nd8 15. d4 exd4 16. Nxd4 Nf7 17. Bb2 Nf6 18. Nd5 Ng5 19. Nf4 Nfe4 20.
Nde2 Bxb2 21. Rxb2 Nf6 22. g4 Ne6 23. Nxe6 Qxe6 24. Nf4 Qf7 25. Nd5 1/2-1/2

[Event "WYg18"]
[Site "Heraklio GRE"]
[Date "2002.11.18"]
[Round "5"]
[White "Pogonina,N"]
[Black "Vozovic,O"]
[Result "1-0"]
[WhiteElo "2397"]
[BlackElo "2302"]
[EventDate "2002.11.15"]

1. e4 d6 2. d4 Nf6 3. Nc3 g6 4. Be3 c6 5. Qd2 b5 6. Bd3 Nbd7 7. Nf3 Qc7 8.
O-O Bg7 9. Bh6 O-O 10. Bxg7 Kxg7 11. Rfe1 e5 12. a3 Nb6 13. h3 Re8 14. Rad1
a5 15. Ne2 exd4 16. Nexd4 Na4 17. b4 Bd7 18. Nf5+ Bxf5 19. exf5 axb4 20.
axb4 Nb2 21. Rxe8 Rxe8 22. Ra1 Nxd3 23. Qxd3 d5 24. fxg6 hxg6 25. Qc3 Qf4
26. Re1 d4 27. Qa1 Rxe1+ 28. Nxe1 Nd5 29. Nd3 Qe4 30. Qd1 Nf4 31. Qg4 Ne2+
32. Kf1 Nc3 33. Qxe4 Nxe4 34. Ne5 Kf6 35. Nxc6 Ke6 36. Nxd4+ Kd5 37. Nxb5
Kc4 38. f3 Ng3+ 39. Kf2 Nf5 40. g4 Nh6 41. Nd6+ Kd5 42. g5 1-0

[Event "WYg18"]
[Site "Heraklio GRE"]
[Date "2002.11.18"]
[Round "5"]
[White "Zhao Xue"]
[Black "Meshcheriakova,E"]
[Result "1-0"]
[WhiteElo "2367"]
[BlackElo "2288"]
[EventDate "2002.11.15"]

1. d4 Nf6 2. c4 e6 3. g3 c6 4. Bg2 d5 5. Nf3 b6 6. Qc2 Bb7 7. O-O Be7 8. b3
Nbd7 9. Nc3 Rc8 10. Bb2 O-O 11. e4 Ba6 12. Rfd1 dxc4 13. d5 cxd5 14. exd5
exd5 15. Qf5 Nc5 16. Nxd5 Nd3 17. Ng5 Re8 18. Bxf6 1-0

[Event "WYg18"]
[Site "Heraklio GRE"]
[Date "2002.11.18"]
[Round "5"]
[White "Rohonyan,K"]
[Black "Drljevic,L"]
[Result "1-0"]
[WhiteElo "2320"]
[BlackElo "2139"]
[EventDate "2002.11.15"]

1. e4 d6 2. d4 Nf6 3. Nc3 g6 4. Nf3 Bg7 5. Be3 O-O 6. Qd2 c6 7. Bh6 Qa5 8.
h4 b5 9. Bxg7 Kxg7 10. h5 Ng4 11. e5 f6 12. hxg6 hxg6 13. exd6 exd6 14.
O-O-O Bf5 15. Nh4 b4 16. Nb1 Re8 17. a3 Bd7 18. Bd3 Qg5 19. f4 Qd5 20. Bxg6
bxa3 21. Nxa3 Re3 22. Rhe1 Rxa3 23. bxa3 Qa2 24. Qc3 Be6 25. d5 Na6 26.
Rxe6 Rb8 27. Rxd6 Rb1+ 28. Kd2 Rxd1+ 29. Kxd1 Qb1+ 30. Kd2 Nf2 31. Qxf6+
1-0

[Event "WYg18"]
[Site "Heraklio GRE"]
[Date "2002.11.18"]
[Round "5"]
[White "Srebrnic,A"]
[Black "Zivanovic,A"]
[Result "1-0"]
[WhiteElo "2241"]
[BlackElo "2008"]
[EventDate "2002.11.15"]

1. Nf3 c5 2. c4 Nc6 3. d4 cxd4 4. Nxd4 g6 5. e4 Bg7 6. Be3 Nf6 7. Nc3 O-O
8. Be2 d6 9. O-O Bd7 10. Qd2 Ng4 11. Bxg4 Bxg4 12. f3 Bd7 13. Nde2 Rc8 14.
Rac1 Ne5 15. b3 Bc6 16. Rfd1 Nd7 17. Nf4 a6 18. Nfd5 Re8 19. Bg5 Bf8 20. h4
Nb6 21. Ne3 h6 22. Bf4 e5 23. Bg3 h5 24. Bf2 Re6 25. g3 Nd7 26. b4 b6 27.
Ned5 Kh7 28. Be3 Re8 29. Bg5 f6 30. Be3 Ra8 31. a3 Bg7 32. Rc2 Rg8 33. Qf2
Rb8 34. Kh1 Bf8 35. g4 Bg7 36. Rcd2 Bf8 37. Rg1 a5 38. gxh5 gxh5 39. Rxg8
Kxg8 40. Qg3+ Bg7 41. Rg2 Qf8 42. Bh6 1-0

[Event "WYg18"]
[Site "Heraklio GRE"]
[Date "2002.11.18"]
[Round "5"]
[White "Partac,E"]
[Black "Shtereva,S"]
[Result "1/2-1/2"]
[WhiteElo "2205"]
[BlackElo "2077"]
[EventDate "2002.11.15"]

1. e4 c5 2. Nc3 Nc6 3. g3 g6 4. Bg2 Bg7 5. d3 d6 6. Be3 b6 7. Nge2 Bb7 8.
O-O Qd7 9. Qd2 e6 10. d4 O-O-O 11. a3 h5 12. h3 Nge7 13. Rad1 Na5 14. dxc5
dxc5 15. Qxd7+ Rxd7 16. Rxd7 Kxd7 17. Rd1+ Kc8 18. Nb5 Bxb2 19. Nd6+ Kc7
20. Nxf7 Re8 21. Bf4+ e5 22. Bxe5+ Bxe5 23. Nxe5 Nac6 24. Nf7 Ba6 25. Nf4
Bc4 26. Nd5+ Nxd5 27. exd5 Nd4 28. f4 Ne2+ 29. Kf2 Nc3 30. Rd2 Nb1 31. Rd1
Nc3 32. Rd2 Nb1 33. Rd1 Nc3 34. Rd2 1/2-1/2